000 00453nam a2200157Ia 4500
008 160316s1987 xxu||||| |||| 00| 0 eng d
082 _a340.110000
_bJHA
100 _aJha Chakradhar
245 _aHistory and sources of law in ancient India
250 _a
260 _aNew Delhi
_bAshish Publishing House
_c1987
300 _a233p
_b
_cxxiv
365 _bRs.150/-
650 _a1.Indian History - Sources 2.Legal History- Sources of Law
700 _a
_a
999 _c7685
_d7685